Geometry Dash - Most Downloaded Levels by Letter - U - Statistics

General Stats
  • This quiz has been taken 24 times
    6 since last reset
  • The average score is 11 of 20
Answer Stats
Publisher Difficulty Answer Downloads % Correct
TriAxis Insane Unity 46,200,000
100%
dhk2725 Hard Unity 2,700,000
100%
Andromeda GMD Extreme Demon The {Ultimate Phase} 17,400,000
50%
ZelLink Harder UFO challenge 4,300,000
50%
ZelLink Hard UFOgeist 28,000,000
50%
ZelLink Normal UFO Madness 42,600,000
50%
Ghost Hard UFO mix 3,100,000
50%
ZelLink Hard UFO on Track 30,400,000
50%
SUOMI Easy Demon Ultimate Circles 4,200,000
50%
Zobros Insane Demon Ultimate Demon Mix 9,000,000
50%
iIiRulasiIi Easy Demon Ultra Paracosm 19,900,000
50%
ZenthicAlpha Insane Demon UltraSonic 8,300,000
50%
Xender Game Medium Demon Ultra violence 14,800,000
50%
Serponge Normal Under 10,000,000
50%
Dumbowwe Easy Unicorn of the Sea 2,700,000
50%
Unzor Hard United 4,100,000
50%
talia Easy Universe 4,700,000
50%
capaxl Normal Unknown seas 13,500,000
50%
TheRealDarnoc Hard Utopia Dash 8,700,000
50%
Jovc Hard Unbelievable 4,300,000
0%
No matching quizzes found
Score Distribution
Percent of People with Each Score
Percentile by Number Answered
Your Score History
You have not taken this quiz since the last reset